000 00516nam a2200181Ia 4500
008 090123s9999 xx 000 0 und d
082 _b42534
100 _aदिवाण ए.जी.
245 _aझाले मोकळे आकाश
250 _a1
260 _c2007
300 _a175
600 _aदिवाण ए.जी.
630 _aझाले मोकळे आकाश
700 _aदिवाण ए.जी.
730 _aझाले मोकळे आकाश
942 _cBOOK
999 _c80612
_d80612